000 00457nam a2200169Ia 4500
003 GCL
008 140319s9999 xx 000 0 ara d
040 _aGCL /
_cGCL
082 0 4 _a370.1
_bر ف
100 1 _aربول، أولفية
245 1 0 _aفلسفة التربية /
_cربول، أولفية
300 _a157
490 _a100 قصة
_v0
650 0 4 _aالتربية والتعليم
650 0 4 _aالتربية - فلسفة
942 _2ddc
_cBK
999 _c46476
_d46476